Clickable Gods of Egypt Quiz Stats

Quiz Updated Aug 20, 2015

Also try: Clicking Gods
Challenge
Share
Tweet
Embed
Score 0/29 Timer 07:00
4 Plays Today
% Correct
Ra
93.5%
Isis
92.7%
Anubis
92.3%
Osiris
92.2%
Horus
90%
Amun
87.9%
Set
85.8%
Sekhmet
83.3%
Thoth
80.9%
Atum
78.3%
Ptah
77.9%
Nut
77.8%
Hathor
76.6%
Ma'at
76.1%
Bast
75.6%
% Correct
Tefnut
75%
Nephthys
74.6%
Geb
74.3%
Seshat
72.6%
Bes
72.6%
Bat
70%
Sobek
68.3%
Khnum
67.5%
Apep
66.5%
Khepri
64.7%
Shu
61.6%
Neith
57.1%
Hapy
48.5%
Maahes
40.8%

You're not logged in!

Compare scores with friends on all Sporcle quizzes.
Sign Up with Email
OR
Log In

You Might Also Like...

Show Comments

Extras

Top Quizzes Today


Score Distribution

Your Account Isn't Verified!

In order to create a playlist on Sporcle, you need to verify the email address you used during registration. Go to your Sporcle Settings to finish the process.